České obce, které začínají na písmeno A - Statistics

General Stats
  • This quiz has been taken 99 times
  • The average score is 8 of 20
Answer Stats
Počet obyvatel Okres Odpověď % Correct
12 684 Cheb
100%
3 808 Karviná Albrechtice
69%
436 Ústí nad Orlicí Albrechtice
69%
4 616 Blansko Adamov
66%
1 040 České Budějovice Adamov
66%
135 Kutná Hora Adamov
66%
831 Karlovy Vary Abertamy
47%
482 Náchod Adršpach
35%
402 Bruntál Andělská Hora
29%
357 Karlovy Vary Andělská Hora
29%
694 Nový Jičín Albrechtičky
24%
860 Hodonín Archlebov
24%
193 Ústí nad Orlicí Anenská Studánka
23%
421 Děčín Arnoltice
23%
344 Jablonec nad Nisou Albrechtice v Jizerských horách
21%
1 027 Písek Albrechtice nad Vltavou
19%
251 Prostějov Alojzov
19%
1 014 Rychnov nad Kněžnou Albrechtice nad Orlicí
16%
196 Jihlava Arnolec
15%
85 Pelhřimov Arneštovice
8%
No matching quizzes found
Score Distribution
Percent of People with Each Score
Percentile by Number Answered
Your Score History
You have not taken this quiz